000 00290nam a22001337a 4500
008 250610b |||||||| |||| 00| 0 eng d
020 _a9783548024
050 _aCS 71
_b.N 34
100 _aNdeokwelu ike
245 _aMy life journey
260 _aNP
_bNP
300 _a351p
942 _cBK
999 _c3844
_d3844